000 00318nam a22001337a 4500
008 180924b xxu||||| |||| 00| 0 eng d
020 _a0890796017
041 _aeng
080 _a610
100 _a4
101 _aSHM
245 _aFoundations of the Vocational Rehabilitation Process
_cRubin, S.E
942 _2udc
_cBK
999 _c48387
_d48387